Organizational Behaviour (Record no. 731)

MARC details
000 -LEADER
fixed length control field 00400nam a22001697a 4500
005 - DATE AND TIME OF LATEST TRANSACTION
control field 20180720120529.0
008 - FIXED-LENGTH DATA ELEMENTS--GENERAL INFORMATION
fixed length control field 160513b xxu||||| |||| 00| 0 eng d
020 ## - INTERNATIONAL STANDARD BOOK NUMBER
ISBN 81-203-2283-5
041 ## - LANGUAGE CODE
Language code of text/sound track or separate title eng
082 ## - DEWEY DECIMAL CLASSIFICATION NUMBER
Item number 1948
Classification number 658.3
100 ## - MAIN ENTRY--AUTHOR NAME
Personal name Robbin, Stephen P.
245 ## - TITLE STATEMENT
Title Organizational Behaviour
260 ## - PUBLICATION, DISTRIBUTION, ETC. (IMPRINT)
Place of publication New Delhi
Name of publisher PHI,
300 ## - PHYSICAL DESCRIPTION
Number of Pages 635p,
650 ## - SUBJECT ADDED ENTRY--TOPICAL TERM
Topical Term Management
942 ## - ADDED ENTRY ELEMENTS (KOHA)
Koha item type Books
Holdings
Lost status Damaged status Collection code Home library Current library Shelving location Date acquired Cost, normal purchase price Full call number Accession Number Koha item type
    MANAGEMENT JRU Library JRU Library SHELF-64-D 13/05/2016 350.00 658.3 1948 Books
    MANAGEMENT JRU Library JRU Library SHELF-64-D 13/05/2016 350.00 658.3 1949 Books
    MANAGEMENT JRU Library JRU Library SHELF-64-D 13/05/2016 350.00 658.3 1950 Books